00599 2200217 4500001002100000005001700021008004100038020001800079035002400097090001800121100002200139245006700161260003200228300003100260650001800291700002100309850000900330980002100339985000600360999001500366YOGYA-0209000002503720090227023921.0 ind  a979-518-324-9 0010-020900000025037 a641.05bSus A aSUSMAYATI, Nyonya aAneka sop, soto, dan sate IndonesiacNy Susmayati dan Asnindar aJakartabRineka Ciptac1993 aviii, 131 hlmbilusc21 cm aResep makanan aAsnindar, Nyonya aBPAD a02 Desember 2006 a1 a06A0018048